| 000 | 00697nam a22001937a 4500 | ||
|---|---|---|---|
| 999 |
_c18243 _d18243 |
||
| 003 | AR-CdUCM | ||
| 008 | 190513b ||||| |||| 00| 0 spa d | ||
| 040 |
_aMUNICIPALIDAD PROVINCIAL DEL CUSCO _cBIBLIOTECA MUNICIPAL DEL CUSCO |
||
| 082 |
_a940.542 / _bB27 |
||
| 110 |
_aLuis de Caralt editores. _938715 |
||
| 245 | _aBatallas cruciales de la segunda guerra mundial / | ||
| 260 |
_aBarcelona : _bLuis de Caralt editores, _c1961. |
||
| 300 |
_a322 páginas ; _c20 cm. |
||
| 440 |
_aLa vida vivida. _938716 |
||
| 505 | _aContenido : El año del destino -- La batalla de Inglaterra -- El alamein -- Las ardenas ... | ||
| 650 |
_aLiteratura. _983 |
||
| 942 |
_2ddc _cLIBROS |
||
| 945 |
_arum _d2019-05-13 |
||